<?xml version="1.0" encoding="UTF-8"?><?xml-stylesheet type="text/xsl" href="static/style.xsl"?><OAI-PMH xmlns="http://www.openarchives.org/OAI/2.0/" xmlns:xsi="http://www.w3.org/2001/XMLSchema-instance" xsi:schemaLocation="http://www.openarchives.org/OAI/2.0/ http://www.openarchives.org/OAI/2.0/OAI-PMH.xsd"><responseDate>2026-04-26T21:59:51Z</responseDate><request verb="GetRecord" identifier="oai:uvadoc.uva.es:10324/41732" metadataPrefix="marc">https://uvadoc.uva.es/oai/request</request><GetRecord><record><header><identifier>oai:uvadoc.uva.es:10324/41732</identifier><datestamp>2021-06-30T03:12:23Z</datestamp><setSpec>com_10324_38</setSpec><setSpec>col_10324_852</setSpec></header><metadata><record xmlns="http://www.loc.gov/MARC21/slim" xmlns:doc="http://www.lyncode.com/xoai" xmlns:xsi="http://www.w3.org/2001/XMLSchema-instance" xmlns:dcterms="http://purl.org/dc/terms/" xsi:schemaLocation="http://www.loc.gov/MARC21/slim http://www.loc.gov/standards/marcxml/schema/MARC21slim.xsd">
<leader>00925njm 22002777a 4500</leader>
<datafield tag="042" ind1=" " ind2=" ">
<subfield code="a">dc</subfield>
</datafield>
<datafield tag="720" ind1=" " ind2=" ">
<subfield code="a">González Puerta, Miguel</subfield>
<subfield code="e">author</subfield>
</datafield>
<datafield tag="260" ind1=" " ind2=" ">
<subfield code="c">2020</subfield>
</datafield>
<datafield tag="520" ind1=" " ind2=" ">
<subfield code="a">Las emergencias digestivas constituyen un amplio campo de patologías muy variadas y cuyo abordaje para los Servicios de Emergencias Médicas Prehospitalarios (SEMP) puede resultar problemático. En este contexto, la utilización de biomarcadores como el ácido láctico (AL) puede resultar muy útil y recomendable. La determinación del AL a nivel prehospitalario es una herramienta barata y accesible que puede ayudar a identificar pacientes críticos e iniciar estrategias de tratamiento temprano, facilitando la toma de decisiones, dada su capacidad pronóstica y predictiva.&#xd;
OBJETIVOS: evaluar el valor del AL prehospitalario como factor predictivo de mortalidad a 2 días, de necesidad de ingreso en Unidad de Cuidados Intensivos (UCI) y de realización de endoscopia</subfield>
</datafield>
<datafield tag="024" ind2=" " ind1="8">
<subfield code="a">http://uvadoc.uva.es/handle/10324/41732</subfield>
</datafield>
<datafield tag="245" ind1="0" ind2="0">
<subfield code="a">Valor pronóstico del ácido láctico en la patología digestiva en el ámbito hospitalario</subfield>
</datafield>
</record></metadata></record></GetRecord></OAI-PMH>